000 00887nam a2200289 a 4500
001 vtls001409817
003 NLI
005 20210627105228.0
008 121127s1977 ii 000 0 eng d
039 9 _y201211272109
_zVLOAD
040 0 _aNLI
_beng
_cEntertech IOD - 2013
_eAACR2
041 0 _aeng
044 _aii
082 0 4 _a639.2
100 1 _aSaha, G. N.
_9945906
245 1 0 _aReport on Fish culture prospects in the collair lake :
_bsurvey report no.6 /
_cG. N. Saha and N. G. S. Rao
260 _aBarrackpore:
_bCentral Inland Fisheries Research Institute,
_c1977
300 _a05 p. ;
_c27 cm.
700 1 _aRao, N. G. S,
_4jt. aut
_9945907
710 1 _aICAR(New Delhi, India)
_9945908
887 _a
901 _a84861 date
_b03.11.1977
902 _aGP 639.2 Sa19
949 _AVIRTUAITEM
_D10000
_X100
_6IOD000084861ENG
942 _2ddc
_cBKS
999 _c832142
_d832142